The current state of financial integration of the Asian currency market with world markets /
Saved in:
| 主要作者: | |
|---|---|
| 格式: | Thesis 圖書 |
| 語言: | English |
| 出版: |
1989.
|
| 主題: | |
| 標簽: |
添加標簽
沒有標簽, 成為第一個標記此記錄!
|
| LEADER | 00826cam a2200241 a 4500 | ||
|---|---|---|---|
| 001 | u94375 | ||
| 003 | SIRSI | ||
| 008 | 910626s1989 si v 00 1 eng m | ||
| 035 | |a AAK-3102 | ||
| 040 | |a UMM | ||
| 090 | |a HG3895 |b Low | ||
| 100 | 1 | 0 | |a Low, Maria Lai Meng. |
| 245 | 1 | 4 | |a The current state of financial integration of the Asian currency market with world markets / |c by Maria Low Lai Meng. |
| 260 | 1 | |c 1989. | |
| 300 | |a vi, 70 leaves : |b ill. ; |c 30 cm. | ||
| 502 | |a Dissertation (M.B.A.) -- National University of Singapore, 1989. | ||
| 504 | |a Bibliography: leaves 69-70. | ||
| 650 | 0 | |a Asian dollar market. | |
| 650 | 0 | |a Banks and banking, International. | |
| 650 | 0 | |a International finance. | |
| 948 | |a 13/08/1991 |b 05/09/2002 | ||
| 596 | |a 1 | ||
| 999 | |a HG3895 LOW |w LC |c 1 |i A010706702 |l STACKS |m P01UTAMA |r Y |s Y |t TESIS |u 18/10/1991 | ||
